Movies Quiz

Random Movies or Role Quiz
Score 0/20 Timer 03:00
1 Play Today
Role (H)anks or(C)ruise? % Correct
Jerry Maguire???
94.1%
Forrest Gump???
93.6%
Ethan Hunt???
85.9%
Michael Sullivan???
78.3%
Jimmy Dugan???
76.4%
Allen Bauer???
69.3%
Paul Edgecomb???
66.7%
Brian Flanagan???
64.2%
Nathan Algren???
63.1%
Carl Hanratty???
62.6%
Role (H)anks or(C)ruise? % Correct
Chuck Noland???
61.4%
Ron Kovic???
60.1%
Sam Baldwin???
59.4%
Joel Goodsen???
58.8%
Andrew Beckett???
58.5%
Les Grossman???
56.8%
Ray Ferrier???
56.6%
Scott Turner???
55.4%
Charlie Babbitt???
54.8%
Vincent Lauria???
52.1%
Remove Ads.
Support Sporcle.
Get the best of Sporcle when you Go Orange. This ad-free experience offers more features, more stats, and more fun while also helping to support Sporcle. Thank you for becoming a member.

You're not logged in!

Compare scores with friends on all Sporcle quizzes.
OR
Log In

Show Comments

Extras

Top Quizzes Today


Score Distribution

Your Account Isn't Verified!

In order to create a playlist on Sporcle, you need to verify the email address you used during registration. Go to your Sporcle Settings to finish the process.

Report this User

Report this user for behavior that violates our Community Guidelines.

Details: